Life and health, (Record no. 39025)
[ view plain ]
| 000 -LEADER | |
|---|---|
| fixed length control field | 00779cam a22002531 4500 |
| 001 - CONTROL NUMBER | |
| control field | med48001384 |
| 003 - CONTROL NUMBER IDENTIFIER | |
| control field | DLC |
| 005 - DATE AND TIME OF LATEST TRANSACTION | |
| control field | 20260227111611.0 |
| 008 - FIXED-LENGTH DATA ELEMENTS--GENERAL INFORMATION | |
| fixed length control field | 750909s1948 xx 000 0 eng |
| 010 ## - LIBRARY OF CONGRESS CONTROL NUMBER | |
| LC control number | med48001384 |
| 035 ## - SYSTEM CONTROL NUMBER | |
| System control number | (OCoLC)1612123 |
| 040 ## - CATALOGING SOURCE | |
| Original cataloging agency | DLC |
| Transcribing agency | FMU |
| Modifying agency | DLC |
| 042 ## - AUTHENTICATION CODE | |
| Authentication code | premarc |
| 050 00 - LIBRARY OF CONGRESS CALL NUMBER | |
| Classification number | QP36 |
| Item number | .W533 1948 |
| 082 ## - DEWEY DECIMAL CLASSIFICATION NUMBER | |
| Classification number | 613 |
| 100 1# - MAIN ENTRY--PERSONAL NAME | |
| Personal name | Wilson, Charles Christopher, |
| Dates associated with a name | 1895- |
| 245 10 - TITLE STATEMENT | |
| Title | Life and health, |
| Statement of responsibility, etc. | by Charles C. Wilson, John L. Bracken [and] John C. Almack. |
| 260 ## - PUBLICATION, DISTRIBUTION, ETC. | |
| Place of publication, distribution, etc. | Indianapolis, |
| Name of publisher, distributor, etc. | Bobbs-Merrill Co. |
| Date of publication, distribution, etc. | [1948] |
| 300 ## - PHYSICAL DESCRIPTION | |
| Extent | x, 565 p. |
| Other physical details | illus. |
| Dimensions | 24 cm. |
| 500 ## - GENERAL NOTE | |
| General note | Includes "Suggested readings." |
| 650 #0 - SUBJECT ADDED ENTRY--TOPICAL TERM | |
| Topical term or geographic name entry element | Hygiene. |
| 700 1# - ADDED ENTRY--PERSONAL NAME | |
| Personal name | Braken, John Lewis, |
| Dates associated with a name | 1891- |
| Relator term | joint author. |
| 700 1# - ADDED ENTRY--PERSONAL NAME | |
| Personal name | Almack, John Conrad, |
| Dates associated with a name | 1888- |
| Relator term | joint author. |
No items available.